|
|
|
|
| LEADER |
03881nam a22005775i 4500 |
| 001 |
978-3-642-13062-5 |
| 003 |
DE-He213 |
| 005 |
20151204160608.0 |
| 007 |
cr nn 008mamaa |
| 008 |
100510s2010 gw | s |||| 0|eng d |
| 020 |
|
|
|a 9783642130625
|9 978-3-642-13062-5
|
| 024 |
7 |
|
|a 10.1007/978-3-642-13062-5
|2 doi
|
| 040 |
|
|
|d GrThAP
|
| 050 |
|
4 |
|a QA76.9.D3
|
| 072 |
|
7 |
|a UN
|2 bicssc
|
| 072 |
|
7 |
|a UMT
|2 bicssc
|
| 072 |
|
7 |
|a COM021000
|2 bisacsh
|
| 082 |
0 |
4 |
|a 005.74
|2 23
|
| 245 |
1 |
0 |
|a Advances in Intelligent Data Analysis IX
|h [electronic resource] :
|b 9th International Symposium, IDA 2010, Tucson, AZ, USA, May 19-21, 2010. Proceedings /
|c edited by Paul R. Cohen, Niall M. Adams, Michael R. Berthold.
|
| 264 |
|
1 |
|a Berlin, Heidelberg :
|b Springer Berlin Heidelberg,
|c 2010.
|
| 300 |
|
|
|a XIII, 260 p. 89 illus.
|b online resource.
|
| 336 |
|
|
|a text
|b txt
|2 rdacontent
|
| 337 |
|
|
|a computer
|b c
|2 rdamedia
|
| 338 |
|
|
|a online resource
|b cr
|2 rdacarrier
|
| 347 |
|
|
|a text file
|b PDF
|2 rda
|
| 490 |
1 |
|
|a Lecture Notes in Computer Science,
|x 0302-9743 ;
|v 6065
|
| 505 |
0 |
|
|a Changing the Focus of the IDA Symposium -- Changing the Focus of the IDA Symposium -- Invited Papers -- Graph Identification -- Intelligent Data Analysis of Intelligent Systems -- Selected Contributions -- Measurement and Dynamical Analysis of Computer Performance Data -- Recursive Sequence Mining to Discover Named Entity Relations -- Integration and Dissemination of Citizen Reported and Seismically Derived Earthquake Information via Social Network Technologies -- Detecting Leukaemia (AML) Blood Cells Using Cellular Automata and Heuristic Search -- Oracle Coached Decision Trees and Lists -- Statistical Modelling for Data from Experiments with Short Hairpin RNAs -- InfraWatch: Data Management of Large Systems for Monitoring Infrastructural Performance -- Deterministic Finite Automata in the Detection of EEG Spikes and Seizures -- Bipartite Graphs for Monitoring Clusters Transitions -- Data Mining for Modeling Chiller Systems in Data Centers -- The Applications of Artificial Neural Networks in the Identification of Quantitative Structure-Activity Relationships for Chemotherapeutic Drug Carcinogenicity -- Image Approach towards Document Mining in Neuroscientific Publications -- Similarity Kernels for Nearest Neighbor-Based Outlier Detection -- End-to-End Support for Dating Paleolandforms -- Spatial Variable Importance Assessment for Yield Prediction in Precision Agriculture -- Selecting the Links in BisoNets Generated from Document Collections -- Novelty Detection in Projected Spaces for Structural Health Monitoring -- A Framework for Path-Oriented Network Simplification -- A Data-Driven Paradigm to Understand Multimodal Communication in Human-Human and Human-Robot Interaction -- Using CAPTCHAs to Index Cultural Artifacts.
|
| 650 |
|
0 |
|a Computer science.
|
| 650 |
|
0 |
|a Computer programming.
|
| 650 |
|
0 |
|a Computers.
|
| 650 |
|
0 |
|a Database management.
|
| 650 |
|
0 |
|a Information storage and retrieval.
|
| 650 |
|
0 |
|a Artificial intelligence.
|
| 650 |
1 |
4 |
|a Computer Science.
|
| 650 |
2 |
4 |
|a Database Management.
|
| 650 |
2 |
4 |
|a Artificial Intelligence (incl. Robotics).
|
| 650 |
2 |
4 |
|a Programming Techniques.
|
| 650 |
2 |
4 |
|a Information Systems Applications (incl. Internet).
|
| 650 |
2 |
4 |
|a Information Storage and Retrieval.
|
| 650 |
2 |
4 |
|a Computation by Abstract Devices.
|
| 700 |
1 |
|
|a Cohen, Paul R.
|e editor.
|
| 700 |
1 |
|
|a Adams, Niall M.
|e editor.
|
| 700 |
1 |
|
|a Berthold, Michael R.
|e editor.
|
| 710 |
2 |
|
|a SpringerLink (Online service)
|
| 773 |
0 |
|
|t Springer eBooks
|
| 776 |
0 |
8 |
|i Printed edition:
|z 9783642130618
|
| 830 |
|
0 |
|a Lecture Notes in Computer Science,
|x 0302-9743 ;
|v 6065
|
| 856 |
4 |
0 |
|u http://dx.doi.org/10.1007/978-3-642-13062-5
|z Full Text via HEAL-Link
|
| 912 |
|
|
|a ZDB-2-SCS
|
| 912 |
|
|
|a ZDB-2-LNC
|
| 950 |
|
|
|a Computer Science (Springer-11645)
|